[Event "TUR-ch op"]
[Site "Antalya"]
[Date "2008.02.05"]
[Round "3.19"]
[White "Secer, Ata"]
[Black "Kanli, Kaan"]
[Result "1-0"]
[WhiteElo "2308"]
[BlackElo "1945"]
[PlyCount "99"]
[EventDate "2008.02.04"]
[EventType "swiss"]
[EventRounds "11"]
[EventCountry "TUR"]
[SourceTitle "CBM 122 Extra"]
[Source "ChessBase"]
[SourceDate "2008.03.04"]
[SourceVersion "1"]
[SourceVersionDate "2008.03.04"]
[SourceQuality "1"]

1. e4 e5 2. Nf3 Nc6 3. Bb5 Nf6 4. 0-0 Nxe4 5. d4 Nd6 6. Bxc6 dxc6 7. dxe5 Nf5 8. Qxd8+ Kxd8 9. Nc3 Be6 10. Ng5 Ke7 11. Rd1 h6 12. Nf3 Ke8 13. h3 Rd8 14. Rxd8+ Kxd8 15. g4 Ne7 16. Kg2 Nd5 17. Nxd5 cxd5 18. Nd4 Bd7 19. f4 c5 20. Nf3 g6 21. c3 Be7 22. Be3 h5 23. Rd1 hxg4 24. hxg4 Bxg4 25. Bxc5 Be6 26. Bxa7 Kc7 27. Bf2 Ra8 28. a3 Rh8 29. Rh1 Rxh1 30. Kxh1 Bf5 31. Kg1 Be4 32. Nd4 Bc5 33. Nb3 Be7 34. Kf1 g5 35. fxg5 Bxg5 36. Ke2 Bf4 37. Bd4 Bc2 38. Nc5 Bc1 39. b4 b6 40. Nd3 Bxd3+ 41. Kxd3 b5 42. Kc2 Bf4 43. Kb3 Kd7 44. a4 bxa4+ 45. Kxa4 Ke6 46. b5 Bxe5 47. Bxe5 Kxe5 48. b6 Kd6 49. Kb5 f5 50. Ka6 1-0